| 000 | 00641nam a2200169 i 4500 | ||
|---|---|---|---|
| 001 | 79586 | ||
| 003 | ES-MaACL | ||
| 005 | 20230906174018.0 | ||
| 007 | t| | ||
| 008 | 041022s1986 sp ||||1| spa d | ||
| 020 | _a84-505-4321-5 | ||
| 100 | 1 |
_aHerrera, Juan de. _963204 |
|
| 245 | 1 | 0 |
_aHerrera y el clasicismo _b: ensayos, catálogo y dibujos en torno a la arquitectura en clave clasicista : obra publicada con motivo de la exposición ... presentada el 22 nov. de 1986. |
| 260 |
_aValladolid : _bJunta de Castilla y León, Consejería de Educación y Cultura, _c1986. |
||
| 300 |
_a397 p. : _bil. ; _c30 cm. |
||
| 852 |
_aES-MaACL _jG-8638 |
||
| 999 |
_c79586 _d79586 |
||